Петербург; От дома к дому... От легенды к легенде: Путеводитель

Bibliographic Details
Main Author: Синдаловский Н. А. Наум Александрович
Language:Russian
Published: СПб., Норинт, 2001
Subjects:
Format: Book
KOHA link:https://koha.lib.tpu.ru/cgi-bin/koha/opac-detail.pl?biblionumber=37704

MARC

LEADER 00000nam0a2200000 4500
001 37704
005 20231031004347.0
010 |a 577110082X 
035 |a (RuTPU)RU\TPU\book\38294 
090 |a 37704 
100 |a 20020129d2001 m y0rusy50 ca 
101 0 |a rus 
102 |a RU 
105 |a a g 000zy 
200 1 |a Петербург  |a От дома к дому... От легенды к легенде  |e Путеводитель  |f Н. А. Синдаловский 
210 |a СПб.  |c Норинт  |d 2001 
215 |a 400 с.  |c ил. 
610 1 |a география 
610 1 |a Россия 
610 1 |a Санкт-Петербург 
610 1 |a путеводители 
610 1 |a улицы 
610 1 |a сады 
610 1 |a площади 
610 1 |a Петербург 
675 |a 91(470.23)  |v 3 
700 1 |a Синдаловский  |b Н. А.  |g Наум Александрович 
801 1 |a RU  |b 63413507  |c 20020129  |g PSBO 
801 2 |a RU  |b 63413507  |c 20030206  |g PSBO 
942 |c BK